Miasta w polsce po powiatach - Statystyki

Ogólne statystyki
  • Ten quiz został rozwiązany 4 razy
  • Średni wynik to 46 z 1026
Statystyki odpowiedzi
lp. Populacja Miasto % Poprawnych
4 75 000 Jelenia Góra
100%
3 91 000 Legnica
100%
2 99 000 Wałbrzych
100%
1 673 000 Wrocław
100%
1 37 000 Bolesławiec
67%
3 1 200 Bolesławiec
67%
1 31 000 Dzierżoniów
67%
1 62 000 Głogów
67%
1 17 000 Kamienna Góra
67%
4 3 000 Lwówek
67%
1 8 200 Lwówek Śląski
67%
1 52 000 Bełchatów
33%
3 2 300 Biała
33%
4 54 000 Biała Podlaska
33%
1 290 000 Białystok
33%
5 166 000 Bielsko-Biała
33%
1 25 000 Biłgoraj
33%
1 28 000 Bochnia
33%
1 12 000 Brzeziny
33%
1 7 200 Brzozów
33%
1 324 000 Bydgoszcz
33%
3 56 000 Chełm
33%
4 1 800 Cieszanów
33%
2 206 000 Częstochowa
33%
1 42 000 Dębica
33%
2 112 000 Elbląg
33%
1 489 000 Gdańsk
33%
2 239 000 Gdynia
33%
4 170 000 Gliwice
33%
1 63 000 Gniezno
33%
1 11 000 Góra
33%
2 115 000 Gorzów Wielkopolski
33%
1 16 000 Gryfice
33%
5 1 000 Janów
33%
1 12 000 Janów Lubelski
33%
1 35 000 Jarosław
33%
1 21 000 Jawor
33%
2 92 000 Kalisz
33%
4 4 300 Karpacz
33%
1 279 000 Katowice
33%
1 25 000 Kętrzyn
33%
1 175 000 Kielce
33%
2 6 200 Kłodawa
33%
1 24 000 Kłodzko
33%
1 8 400 Kolbuszowa
33%
1 19 000 Koło
33%
1 43 000 Kołobrzeg
33%
3 66 000 Konin
33%
1 23 000 Kościerzyna
33%
1 811 000 Kraków
33%
1 31 000 Kraśnik
33%
3 44 000 Krosno
33%
1 45 000 Kutno
33%
1 18 000 Łańcut
33%
1 16 000 Łask
33%
1 14 000 Łęczyca
33%
1 5 000 Lesko
33%
4 60 000 Leszno
33%
1 13 000 Leżajsk
33%
2 7 200 Lidzbark
33%
1 14 000 Lidzbark Warmiński
33%
1 643 000 Łódź
33%
3 59 000 Łomża
33%
1 26 000 Łowicz
33%
1 11 000 Lubaczów
33%
1 20 000 Lubań
33%
1 66 000 Lubin
33%
1 328 000 Lublin
33%
1 57 000 Mielec
33%
2 7 700 Nasielsk
33%
1 10 000 Nowa Dęba
33%
3 80 000 Nowy Sącz
33%
1 41 000 Nysa
33%
1 9 500 Olesno
33%
3 2 500 Olsztyn
33%
1 166 000 Olsztyn
33%
1 125 000 Opole
33%
2 8 400 Opole Lubelskie
33%
1 44 000 Otwock
33%
3 6 600 Paczków
33%
1 10 000 Parczew
33%
1 69 000 Piła
33%
2 66 000 Piotrków Trybunalski
33%
3 110 000 Płock
33%
1 535 000 Poznań
33%
2 55 000 Przemyśl
33%
1 14 000 Przeworsk
33%
1 45 000 Puławy
33%
1 56 000 Racibórz
33%
2 4 900 Radymno
33%
1 16 000 Rawa Mazowiecka
33%
1 16 000 Ropczyce
33%
8 131 000 Rybnik
33%
1 199 000 Rzeszów
33%
2 12 000 Sędziszów
33%
2 6 100 Sędziszów
33%
4 75 000 Siedlce
33%
3 2 000 Sieniawa
33%
1 42 000 Sieradz
33%
2 12 000 Sławno
33%
3 77 000 Słupsk
33%
4 31 000 Sopot
33%
3 187 000 Sosnowiec
33%
3 15 000 Strzegom
33%
2 68 000 Suwałki
33%
1 387 000 Szczecin
33%
1 22 000 Szczytno
33%
3 5 700 Szklarska Poręba
33%
2 102 000 Tarnów
33%
1 18 000 Tomaszów Lubelski
33%
1 57 000 Tomaszów Mazowiecki
33%
2 193 000 Toruń
33%
1 24 000 Turek
33%
1 1 900 000 Warszawa
33%
1 28 000 Wieliczka
33%
1 12 000 Włodawa
33%
6 154 000 Zabrze
33%
1 25 000 Zakopane
33%
2 58 000 Zamość
33%
1 29 000 Zgorzelec
33%
1 14 000 Złotoryja
33%
1 30 000 Żywiec
33%
1 11 000 Aleksandrów Kujawski
0%
2 22 000 Aleksandrów Łódzki
0%
4 3 200 Alwernia
0%
1 18 000 Andrychów
0%
2 2 500 Annopol
0%
1 29 000 Augustów
0%
4 3 900 Babimost
0%
3 2 800 Baborów
0%
2 1 400 Baranów Sandomierski
0%
2 6 800 Barcin
0%
3 7 400 Barczewo
0%
5 2 300 Bardo
0%
1 13 000 Barlinek
0%
1 21 000 Bartoszyce
0%
3 3 500 Barwice
0%
1 59 000 Będzin
0%
1 6 100 Bełżyce
0%
4 1 000 Białaczów
0%
4 3 700 Biała Piska
0%
2 3 000 Biała Rawska
0%
1 6 500 Białobrzegi
0%
1 23 000 Białogard
0%
4 2 100 Biały Bór
0%
2 4 300 Biecz
0%
2 28 000 Bielawa
0%
1 24 000 Bielsk Podlaski
0%
1 19 000 Bieruń
0%
4 4 400 Bierutów
0%
2 1 900 Bieżuń
0%
1 990 Bircza
0%
1 9 900 Biskupiec
0%
3 2 200 Bisztynek
0%
1 13 000 Blachownia
0%
4 2 000 Błaszki
0%
6 2 100 Błażowa
0%
3 12 000 Błonie
0%
2 3 800 Bobolice
0%
3 3 100 Bobowa
0%
5 1 100 Bobrowniki
0%
5 1 100 Bodzanów
0%
5 2 200 Bodzentyn
0%
2 16 000 Bogatynia
0%
5 1 100 Bogoria
0%
2 6 300 Boguchwała
0%
1 14 000 Boguszów-Gorce
0%
3 2 900 Bojanowo
0%
1 900 Bolimów
0%
2 4 700 Bolków
0%
4 2 500 Borek Wielkopolski
0%
2 4 900 Borne Sulinowo
0%
4 2 000 Branice
0%
1 16 000 Braniewo
0%
2 3 500 Brańsk
0%
1 28 000 Brodnica
0%
5 890 Brody
0%
3 1 900 Brok
0%
3 5 100 Brusy
0%
3 14 000 Brwinów
0%
1 33 000 Brzeg
0%
1 13 000 Brzeg Dolny
0%
1 4 500 Brześć Kujawski
0%
1 16 000 Brzesko
0%
3 11 000 Brzeszcze
0%
3 2 700 Brzostek
0%
2 4 600 Budzyń
0%
10 5 500 Buk
0%
2 9 400 Bukowno
0%
1 14 000 Busko-Zdrój
0%
2 4 400 Bychawa
0%
3 3 400 Byczyna
0%
4 9 100 Bystrzyca Kłodzka
0%
7 148 000 Bytom
0%
3 4 000 Bytom Odrzański
0%
1 16 000 Bytów
0%
6 1 500 Cedynia
0%
6 2 300 Cegłów
0%
1 4 400 Chęciny
0%
4 8 400 Chełmek
0%
1 18 000 Chełmno
0%
1 14 000 Chełmża
0%
2 3 500 Chmielnik
0%
2 7 500 Chocianów
0%
2 3 000 Chociwel
0%
3 1 700 Chocz
0%
5 1 700 Chodecz
0%
1 17 000 Chodzież
0%
2 7 400 Chojna
0%
1 38 000 Chojnice
0%
1 12 000 Chojnów
0%
4 6 200 Choroszcz
0%
2 3 100 Chorzele
0%
12 100 000 Chorzów
0%
1 14 000 Choszczno
0%
1 34 000 Chrzanów
0%
1 42 000 Ciechanów
0%
2 4 400 Ciechanowiec
0%
2 10 000 Ciechocinek
0%
4 730 Ciepielów
0%
1 36 000 Cieszyn
0%
6 2 500 Ciężkowice
0%
3 2 800 Ćmielów
0%
4 2 800 Cybinka
0%
3 6 700 Czaplinek
0%
3 8 600 Czarna Białostocka
0%
4 2 700 Czarna Woda
0%
2 6 000 Czarne
0%
2 10 000 Czarnków
0%
4 3 700 Czarny Dunajec
0%
2 2 300 Czchów
0%
1 35 000 Czechowice-Dziedzice
0%
2 34 000 Czeladź
0%
2 1 300 Czemierniki
0%
3 5 300 Czempiń
0%
5 2 600 Czerniejewo
0%
2 9 900 Czersk
0%
3 4 000 Czerwieńsk
0%
5 990 Czerwińsk nad Wisłą
0%
1 27 000 Czerwionka-Leszczyny
0%
3 2 200 Człopa
0%
1 13 000 Człuchów
0%
3 2 500 Czyżew
0%
3 2 000 Dąbie
0%
2 5 000 Dąbrowa Białostocka
0%
11 113 000 Dąbrowa Górnicza
0%
1 11 000 Dąbrowa Tarnowska
0%
4 950 Dąbrowice
0%
4 2 800 Daleszyce
0%
1 13 000 Darłowo
0%
1 16 000 Dęblin
0%
2 12 000 Dębno
0%
3 4 900 Debrzno
0%
3 6 200 Dobczyce
0%
3 3 000 Dobiegniew
0%
3 1 400 Dobra
0%
4 2 300 Dobra
0%
8 1 800 Dobre
0%
2 9 300 Dobre Miasto
0%
3 3 300 Dobrodzień
0%
3 2 300 Dobrzany
0%
2 2 900 Dobrzyca
0%
4 1 900 Dobrzyń nad Wisłą
0%
3 1 600 Dolsk
0%
4 2 300 Drawno
0%
2 11 000 Drawsko Pomorskie
0%
2 9 400 Drezdenko
0%
2 2 900 Drobin
0%
2 1 700 Drohiczyn
0%
2 3 500 Drzewica
0%
2 800 Dubiecko
0%
3 2 000 Dukla
0%
9 4 100 Duszniki-Zdrój
0%
3 6 000 Dynów
0%
1 20 000 Działdowo
0%
2 850 Działoszyce
0%
2 5 200 Działoszyn
0%
2 5 000 Dzierzgoń
0%
5 2 600 Dziwnów
0%
1 59 000 Ełk
0%
4 1 400 Frampol
0%
3 2 000 Frombork
0%
1 4 100 Gąbin
0%
1 17 000 Garwolin
0%
5 1 400 Gąsawa
0%
3 780 Gielniów
0%
1 27 000 Giżycko
0%
2 2 800 Glinojeck
0%
2 5 400 Głogówek
0%
1 11 000 Głogów Małopolski
0%
3 830 Głowaczów
0%
4 13 000 Głowno
0%
1 12 000 Głubczyce
0%
2 13 000 Głuchołazy
0%
2 6 000 Głuszyca
0%
3 6 200 Gniew
0%
4 6 600 Gniewkowo
0%
3 6 400 Gogolin
0%
3 3 400 Gołańcz
0%
4 2 700 Golczewo
0%
1 13 000 Gołdap
0%
1 22 000 Goleniów
0%
1 5 700 Golina
0%
1 11 000 Golub-Dobrzyń
0%
3 1 700 Goniądz
0%
5 880 Goraj
0%
3 12 000 Góra Kalwaria
0%
1 25 000 Gorlice
0%
2 3 600 Górowo Iławeckie
0%
3 1 300 Górzno
0%
4 2 400 Gorzów Śląski
0%
2 2 400 Gościno
0%
1 20 000 Gostyń
0%
1 17 000 Gostynin
0%
4 1 300 Gowarczów
0%
5 3 000 Gozdnica
0%
3 1 000 Grabów
0%
2 2 000 Grabów nad Prosną
0%
1 21 000 Grajewo
0%
2 7 900 Grodków
0%
1 35 000 Grodzisk Mazowiecki
0%
1 15 000 Grodzisk Wielkopolski
0%
1 17 000 Grójec
0%
4 88 000 Grudziądz
0%
3 5 900 Grybów
0%
1 21 000 Gryfino
0%
2 6 300 Gryfów Śląski
0%
1 17 000 Gubin
0%
1 19 000 Hajnówka
0%
3 3 800 Halinów
0%
3 2 800 Hel
0%
1 16 000 Hrubieszów
0%
1 32 000 Iława
0%
3 3 500 Iłowa
0%
2 4 900 Iłża
0%
3 9 100 Imielin
0%
3 830 Inowłódź
0%
1 66 000 Inowrocław
0%
4 1 800 Ińsko
0%
3 1 300 Iwaniska
0%
4 1 500 Iwonicz-Zdrój
0%
2 1 700 Izbica
0%
4 2 400 Izbica Kujawska
0%
2 3 600 Jabłonowo Pomorskie
0%
8 900 Jadów
0%
3 8 000 Janikowo
0%
4 3 600 Janowiec Wielkopolski
0%
4 2 700 Janów Podlaski
0%
3 1 400 Jaraczewo
0%
1 26 000 Jarocin
0%
3 4 300 Jasień
0%
1 32 000 Jasło
0%
4 2 600 Jastarnia
0%
2 8 700 Jastrowie
0%
2 1 100 Jastrząb
0%
14 82 000 Jastrzębie-Zdrój
0%
4 1 100 Jawornik Polski
0%
13 87 000 Jaworzno
0%
5 5 000 Jaworzyna Śląska
0%
1 5 500 Jedlicze
0%
4 4 700 Jedlina-Zdrój
0%
4 4 100 Jedlnia-Letnisko
0%
1 15 000 Jędrzejów
0%
2 1 700 Jedwabne
0%
2 15 000 Jelcz-Laskowice
0%
5 2 900 Jeziorany
0%
2 1 200 Jeżów
0%
3 5 400 Jordanów
0%
3 2 500 Józefów
0%
2 21 000 Józefów
0%
3 920 Józefów nad Wisłą
0%
4 1 900 Jutrosin
0%
4 2 900 Kaczory
0%
3 8 200 Kalety
0%
4 4 400 Kalisz Pomorski
0%
5 2 700 Kałuszyn
0%
3 4 300 Kalwaria Zebrzydowska
0%
3 4 300 Kamieniec Ząbkowicki
0%
3 2 300 Kamień Krajeński
0%
1 8 600 Kamień Pomorski
0%
3 2 600 Kamieńsk
0%
4 1 700 Kamionka
0%
2 2 900 Kańczuga
0%
3 9 300 Karczew
0%
5 3 800 Kargowa
0%
2 5 600 Karlino
0%
1 14 000 Kartuzy
0%
2 7 200 Kąty Wrocławskie
0%
2 400 Kazanów
0%
1 5 100 Kazimierza Wielka
0%
4 2 500 Kazimierz Dolny
0%
3 4 200 Kcynia
0%
1 51 000 Kędzierzyn-Koźle
0%
3 3 300 Kępice
0%
1 14 000 Kępno
0%
2 17 000 Kęty
0%
2 830 Kiernozia
0%
2 5 400 Kietrz
0%
3 2 000 Kikół
0%
5 2 000 Kisielice
0%
4 2 700 Kłecko
0%
2 4 100 Kleczew
0%
2 1 000 Kleszczele
0%
3 1 900 Klimontów
0%
1 12 000 Kłobuck
0%
1 22 000 Kluczbork
0%
1 36 000 Knurów
0%
2 2 600 Knyszyn
0%
4 3 300 Kobylin
0%
4 28 000 Kobyłka
0%
2 4 600 Kobylnica
0%
2 3 300 Kock
0%
2 1 400 Kołaczyce
0%
1 9 800 Kolno
0%
3 3 200 Kolonowskie
0%
1 12 000 Koluszki
0%
2 6 100 Koniecpol
0%
1 18 000 Końskie
0%
5 2 000 Końskowola
0%
2 23 000 Konstancin-Jeziorna
0%
2 19 000 Konstantynów Łódzki
0%
2 2 400 Koprzywnica
0%
5 1 700 Korfantów
0%
8 7 800 Kórnik
0%
2 11 000 Koronowo
0%
3 3 900 Korsze
0%
1 24 000 Kościan
0%
2 2 100 Kosów Lacki
0%
7 9 700 Kostrzyn
0%
1 18 000 Kostrzyn nad Odrą
0%
2 105 000 Koszalin
0%
3 760 Koszyce
0%
2 3 200 Kowal
0%
2 4 000 Kowalewo Pomorskie
0%
1 9 900 Kowary
0%
3 2 400 Koziegłowy
0%
1 16 000 Kozienice
0%
2 1 800 Koźminek
0%
2 6 100 Koźmin Wielkopolski
0%
2 9 200 Kożuchów
0%
4 3 500 Krajenka
0%
1 15 000 Krapkowice
0%
2 3 100 Krasnobród
0%
1 17 000 Krasnystaw
0%
2 4 300 Krobia
0%
3 4 100 Krośniewice
0%
2 11 000 Krosno Odrzańskie
0%
1 27 000 Krotoszyn
0%
2 9 000 Kruszwica
0%
2 1 200 Krynica Morska
0%
1 9 600 Krynica-Zdrój
0%
3 2 100 Krynki
0%
3 2 000 Krzanowice
0%
2 4 200 Krzepice
0%
2 9 700 Krzeszowice
0%
4 1 700 Krzywiń
0%
4 5 900 Krzyż Wielkopolski
0%
2 850 Książ Wielki
0%
2 2 700 Książ Wielkopolski
0%
3 9 400 Kudowa-Zdrój
0%
2 3 000 Kunów
0%
3 2 600 Kurów
0%
2 4 600 Kuźnia Raciborska
0%
1 37 000 Kwidzyń
0%
3 4 300 Łabiszyn
0%
7 4 900 Lądek-Zdrój
0%
7 1 600 Łagów
0%
1 14 000 Łapy
0%
1 3 000 Łasin
0%
2 4 900 Łaskarzew
0%
3 2 100 Łaszczów
0%
10 1 300 Latowicz
0%
3 20 000 Łaziska Górne
0%
3 7 200 Łazy
0%
2 3 000 Łeba
0%
1 34 000 Lębork
0%
1 18 000 Łęczna
0%
2 16 000 Lędziny
0%
1 52 000 Legionowo
0%
4 2 500 Łęknica
0%
3 4 000 Leśna
0%
4 2 500 Leśnica
0%
3 5 600 Lewin Brzeski
0%
3 16 000 Libiąż
0%
1 14 000 Limanowa
0%
2 3 800 Lipiany
0%
1 13 000 Lipno
0%
2 2 100 Lipsk
0%
1 5 200 Lipsko
0%
1 10 000 Łobez
0%
5 2 800 Łobżenica
0%
2 6 800 Łochów
0%
1 18 000 Łomianki
0%
8 1 400 Łopuszno
0%
1 7 000 Łosice
0%
1 20 000 Lubartów
0%
2 11 000 Lubawa
0%
2 5 600 Lubawka
0%
6 1 300 Lubień Kujawski
0%
1 23 000 Lubliniec
0%
3 2 100 Lubniewice
0%
4 1 800 Lubomierz
0%
1 33 000 Luboń
0%
3 1 600 Lubowidz
0%
3 2 600 Lubraniec
0%
2 14 000 Lubsko
0%
2 2 400 Lubycza Królewska
0%
1 28 000 Łuków
0%
3 1 600 Lutomiersk
0%
2 2 300 Lututów
0%
5 1 400 Maciejowice
0%
2 1 000 Magnuszew
0%
1 9 000 Maków Mazowiecki
0%
2 5 500 Maków Podhalański
0%
1 37 000 Malbork
0%
2 4 800 Małkinia Górna
0%
3 3 600 Małogoszcz
0%
4 3 400 Małomice
0%
4 3 000 Margonin
0%
1 46 000 Marki
0%
3 3 400 Maszewo
0%
7 1 100 Miasteczko Krajeńskie
0%
4 7 000 Miasteczko Śląskie
0%
2 9 500 Miastko
0%
6 2 800 Michałowo
0%
1 11 000 Miechów
0%
5 2 300 Międzybórz
0%
1 11 000 Międzychód
0%
10 2 400 Międzylesie
0%
1 17 000 Międzyrzec Podlaski
0%
1 17 000 Międzyrzecz
0%
2 5 400 Międzyzdroje
0%
2 3 100 Miejska Górka
0%
2 2 100 Miękinia
0%
4 2 800 Mielno
0%
5 3 800 Mieroszów
0%
4 2 400 Mieścisko
0%
3 3 700 Mieszkowice
0%
2 3 300 Mikołajki
0%
1 42 000 Mikołów
0%
3 1 900 Mikstat
0%
4 2 300 Miłakowo
0%
2 16 000 Milanówek
0%
1 11 000 Milicz
0%
3 2 400 Miłomłyn
0%
3 3 500 Miłosław
0%
1 40 000 Mińsk Mazowiecki
0%
2 3 100 Mirosławiec
0%
3 3 700 Mirsk
0%
1 31 000 Mława
0%
3 1 700 Młynary
0%
2 1 500 Modliborzyce
0%
4 2 300 Mogielnica
0%
1 11 000 Mogilno
0%
1 9 400 Mońki
0%
2 13 000 Morąg
0%
6 1 700 Morawica
0%
1 1 700 Mordy
0%
5 1 600 Moryń
0%
3 14 000 Mosina
0%
1 21 000 Mrągowo
0%
4 4 100 Mrocza
0%
4 3 500 Mrozy
0%
2 7 800 Mszana Dolna
0%
2 6 000 Mszczonów
0%
4 10 000 Murowana Goślina
0%
5 4 400 Muszyna
0%
1 18 000 Myślenice
0%
3 11 000 Myślibórz
0%
15 71 000 Mysłowice
0%
1 29 000 Myszków
0%
1 3 400 Myszyniec
0%
1 17 000 Nakło nad Notecią
0%
2 3 800 Nałęczów
0%
1 17 000 Namysłów
0%
3 2 000 Narol
0%
2 3 900 Nekla
0%
13 000 Nidzica
0%
4 2 700 Niemcza
0%
2 5 900 Niemodlin
0%
2 17 000 Niepołomice
0%
3 1 700 Nieszawa
0%
1 14 000 Nisko
0%
2 21 000 Nowa Ruda
0%
2 5 400 Nowa Sarzyna
0%
9 1 300 Nowa Słupia
0%
1 36 000 Nowa Sól
0%
2 5 400 Nowe
0%
2 1 600 Nowe Brzesko
0%
4 2 800 Nowe Miasteczko
0%
4 1 500 Nowe Miasto
0%
10 000 Nowe Miasto Lubawskie
0%
3 4 300 Nowe Miasto nad Pilicą
0%
3 4 600 Nowe Skalmierzyce
0%
2 1 100 Nowe Warpno
0%
2 16 000 Nowogard
0%
1 2 100 Nowogród
0%
2 5 100 Nowogród Bobrzański
0%
2 4 100 Nowogrodziec
0%
1 9 500 Nowy Dwór Gdański
0%
1 29 000 Nowy Dwór Mazowiecki
0%
4 910 Nowy Korczyn
0%
2 4 000 Nowy Staw
0%
1 31 000 Nowy Targ
0%
1 14 000 Nowy Tomyśl
0%
2 2 700 Nowy Wiśnicz
0%
1 18 000 Oborniki
0%
2 9 000 Oborniki Śląskie
0%
4 2 400 Obrzycko
0%
2 4 900 Odolanów
0%
2 1 000 Odrzywół
0%
4 4 500 Ogrodzieniec
0%
3 4 000 Okonek
0%
1 33 000 Oława
0%
16 000 Olecko
0%
1 35 000 Oleśnica
0%
4 1 700 Oleśnica
0%
2 2 800 Oleszyce
0%
1 32 000 Olkusz
0%
4 7 200 Olsztynek
0%
2 4 300 Olszyna
0%
2 9 300 Opalenica
0%
1 6 300 Opatów
0%
1 3 500 Opatówek
0%
3 310 Opatowiec
0%
1 19 000 Opoczno
0%
2 8 000 Orneta
0%
2 22 000 Orzesze
0%
2 5 300 Orzysz
0%
4 1 100 Osieck
0%
2 2 400 Osieczna
0%
3 2 000 Osiek
0%
2 1 400 Osjaków
0%
3 3 900 Ośno Lubuskie
0%
1 31 000 Ostróda
0%
5 48 000 Ostrołęka
0%
5 2 000 Ostroróg
0%
1 59 000 Ostrowiec Świętokrzyski
0%
3 2 100 Ostrów Lubelski
0%
1 22 000 Ostrów Mazowiecka
0%
1 68 000 Ostrów Wielkopolski
0%
1 14 000 Ostrzeszów
0%
1 36 000 Oświęcim
0%
4 6 200 Otmuchów
0%
5 1 700 Otyń
0%
2 4 600 Ożarów
0%
2 16 000 Ożarów Mazowiecki
0%
1 8 000 Ozimek
0%
3 18 000 Ozorków
0%
1 60 000 Pabianice
0%
3 1 100 Pacanów
0%
1 6 500 Pajęczno
0%
5 5 100 Pakość
0%
6 920 Parzęczew
0%
1 12 000 Pasłęk
0%
3 2 400 Pasym
0%
3 2 600 Pełczyce
0%
2 6 800 Pelplin
0%
1 52 000 Piaseczno
0%
2 2 600 Piaski
0%
2 23 000 Piastów
0%
2 1 900 Piątek
0%
2 5 800 Piechowice
0%
18 52 000 Piekary Śląskie
0%
3 3 200 Piekoszów
0%
2 2 400 Pieniężno
0%
3 5 500 Pieńsk
0%
10 1 100 Pierzchnica
0%
3 6 800 Pieszyce
0%
3 4 500 Pilawa
0%
5 6 000 Piława Górna
0%
6 2 000 Pilica
0%
2 5 000 Pilzno
0%
1 11 000 Pińczów
0%
1 17 000 Pionki
0%
2 4 100 Piotrków Kujawski
0%
1 18 000 Pisz
0%
3 2 800 Piszczac
0%
4 5 400 Piwniczna-Zdrój
0%
1 17 000 Pleszew
0%
1 22 000 Płońsk
0%
3 4 000 Płoty
0%
3 8 200 Pniewy
0%
5 9 900 Pobiedziska
0%
1 7 400 Poddębice
0%
3 3 900 Podkowa Leśna
0%
5 2 100 Pogorzela
0%
5 6 000 Polanica-Zdrój
0%
2 7 600 Połaniec
0%
3 2 900 Polanów
0%
2 8 000 Połczyn-Zdrój
0%
1 32 000 Police
0%
1 22 000 Polkowice
0%
1 9 000 Poniatowa
0%
3 2 800 Poniec
0%
2 8 700 Poręba
0%
2 8 000 Prabuty
0%
2 7 100 Praszka
0%
2 3 500 Prochowice
0%
4 2 600 Prószków
0%
1 6 000 Proszowice
0%
3 3 600 Pruchnik
0%
1 19 000 Prudnik
0%
4 2 200 Prusice
0%
3 2 800 Pruszcz
0%
1 32 000 Pruszcz Gdański
0%
1 66 000 Pruszków
0%
1 17 000 Przasnysz
0%
3 1 800 Przecław
0%
2 3 300 Przedbórz
0%
4 1 700 Przedecz
0%
3 5 600 Przemków
0%
4 1 100 Przyrów
0%
1 6 000 Przysucha
0%
5 900 Przytyk
0%
1 25 000 Pszczyna
0%
4 13 000 Pszów
0%
1 11 000 Puck
0%
1 19 000 Pułtusk
0%
6 9 800 Puszczykowo
0%
1 12 000 Pyrzyce
0%
2 17 000 Pyskowice
0%
4 3 000 Pyzdry
0%
2 12 000 Rabka-Zdrój
0%
2 4 100 Raciąż
0%
11 2 300 Radków
0%
3 17 000 Radlin
0%
4 2 700 Radłów
0%
2 193 000 Radom
0%
1 43 000 Radomsko
0%
2 3 400 Radomyśl Wielki
0%
3 2 900 Radoszyce
0%
1 5 000 Radziejów
0%
2 16 000 Radzionków
0%
6 13 000 Radzymin
0%
2 1 800 Radzyń Chełmiński
0%
1 14 000 Radzyń Podlaski
0%
3 1 400 Rajgród
0%
2 3 600 Rakoniewice
0%
4 2 100 Raszków
0%
1 20 000 Rawicz
0%
2 3 000 Recz
0%
3 29 000 Reda
0%
2 2 100 Rejowiec
0%
1 4 000 Rejowiec Fabryczny
0%
2 4 300 Resko
0%
2 4 000 Reszel
0%
2 11 000 Rogoźno
0%
2 2 700 Różan
0%
3 1 700 Rozprza
0%
3 4 100 Ruciane-Nida
0%
9 130 000 Ruda Śląska
0%
2 6 400 Rudnik nad Sanem
0%
1 53 000 Rumia
0%
2 1 400 Rychtal
0%
5 2 400 Rychwał
0%
2 20 000 Rydułtowy
0%
1 2 800 Rydzyna
0%
5 2 600 Ryglice
0%
2 9 500 Ryki
0%
2 3 500 Rymanów
0%
2 2 700 Ryn
0%
1 15 000 Rypin
0%
2 6 400 Rzepin
0%
3 3 400 Rzgów
0%
1 22 000 Sandomierz
0%
2 1 800 Sanniki
0%
1 34 000 Sanok
0%
2 5 300 Ścinawa
0%
1 4 800 Sejny
0%
1 8 700 Sępólno Krajeńskie
0%
4 1 900 Sępopol
0%
2 5 400 Serock
0%
1 6 600 Sianów
0%
1 11 200 Siechnice
0%
3 1 400 Siedliszcze
0%
16 63 000 Siemianowice Śląskie
0%
1 13 000 Siemiatycze
0%
7 2 200 Siennica
0%
3 930 Sienno
0%
2 6 100 Sieraków
0%
1 17 000 Sierpc
0%
5 5 500 Siewierz
0%
4 3 900 Skała
0%
2 1 200 Skalbmierz
0%
2 6 700 Skarszewy
0%
3 4 400 Skaryszew
0%
1 42 000 Skarżysko-Kamienna
0%
1 24 000 Skawina
0%
2 3 400 Skępe
0%
3 44 000 Skierniewice
0%
3 13 000 Skoczów
0%
2 4 800 Skoki
0%
3 3 400 Skórcz
0%
2 9 000 Skwierzyna
0%
2 4 300 Sława
0%
4 6 900 Sławków
0%
4 3 100 Ślesin
0%
3 4 200 Słomniki
0%
1 16 000 Słubice
0%
1 13 000 Słupca
0%
2 5 600 Śmigiel
0%
4 1 000 Sobków
0%
3 7 000 Sobótka
0%
1 33 000 Sochaczew
0%
3 1 900 Sochocin
0%
1 17 000 Sokółka
0%
5 4 400 Sokołów
0%
1 18 000 Sokołów Podlaski
0%
1 15 000 Solec Kujawski
0%
2 940 Solec nad Wisłą
0%
3 3 600 Sompolno
0%
4 2 000 Sośnicowice
0%
1 28 000 Śrem
0%
1 9 500 Środa Śląska
0%
1 24 000 Środa Wielkopolska
0%
1 54 000 Stalowa Wola
0%
9 1 700 Stanisławów
0%
2 5 000 Stąporków
0%
1 44 000 Starachowice
0%
1 66 000 Stargard
0%
1 45 000 Starogard Gdański
0%
4 2 200 Staroźreby
0%
2 8 700 Stary Sącz
0%
1 15 000 Staszów
0%
2 2 000 Stawiski
0%
3 1 400 Stawiszyn
0%
4 2 500 Stepnica
0%
9 5 900 Stęszew
0%
2 2 300 Stoczek Łukowski
0%
2 1 200 Stopnica
0%
6 5 000 Stronie Śląskie
0%
5 3 600 Strumień
0%
5 4 600 Stryków
0%
1 9 700 Strzelce Krajeńskie
0%
1 17 000 Strzelce Opolskie
0%
4 1 500 Strzeleczki
0%
1 12 000 Strzelin
0%
2 5 200 Strzelno
0%
1 8 300 Strzyżów
0%
1 8 900 Sucha Beskidzka
0%
5 1 400 Suchań
0%
2 8 500 Suchedniów
0%
4 2 000 Suchowola
0%
1 16 000 Sulechów
0%
1 9 900 Sulęcin
0%
1 6 200 Sulejów
0%
2 21 000 Sulejówek
0%
2 6 500 Sułkowice
0%
5 2 700 Sulmierzyce
0%
5 4 300 Supraśl
0%
9 970 Suraż
0%
3 5 200 Susz
0%
2 28 000 Swarzędz
0%
5 2 400 Świątniki Górne
0%
1 53 000 Świdnica
0%
1 39 000 Świdnik
0%
1 15 000 Świdwin
0%
2 22 000 Świebodzice
0%
1 21 000 Świebodzin
0%
1 25 000 Świecie
0%
4 3 900 Świeradów-Zdrój
0%
3 2 000 Świerzawa
0%
19 45 000 Świętochłowice
0%
3 39 000 Świnoujście
0%
2 9 900 Syców
0%
2 1 800 Szadek
0%
3 4 300 Szamocin
0%
1 18 000 Szamotuły
0%
3 5 200 Szczawnica
0%
3 5 200 Szczawno-Zdrój
0%
1 5 000 Szczebrzeszyn
0%
1 38 000 Szczecinek
0%
5 3 800 Szczekociny
0%
2 4 100 Szczucin
0%
2 3 100 Szczuczyn
0%
2 5 300 Szczyrk
0%
8 4 800 Szczytna
0%
4 2 000 Szepietowo
0%
3 1 300 Szlichtyngowa
0%
2 11 000 Szprotawa
0%
1 9 200 Sztum
0%
2 9 300 Szubin
0%
6 970 Szydłów
0%
1 12 000 Szydłowiec
0%
4 4 300 Tarczyn
0%
4 43 000 Tarnobrzeg
0%
2 3 100 Tarnogród
0%
1 61 000 Tarnowskie Góry
0%
1 57 000 Tczew
0%
2 5 200 Terespol
0%
7 8 000 Tłuszcz
0%
2 2 400 Tolkmicko
0%
2 2 500 Torzym
0%
3 3 500 Toszek
0%
1 16 000 Trzcianka
0%
3 2 400 Trzciel
0%
4 2 200 Trzcińsko-Zdrój
0%
2 9 500 Trzebiatów
0%
2 19 000 Trzebinia
0%
1 14 000 Trzebnica
0%
3 7 400 Trzemeszno
0%
1 13 000 Tuchola
0%
1 6 200 Tuchów
0%
4 1 800 Tuczno
0%
2 3 100 Tuliszków
0%
3 3 600 Tułowice
0%
6 870 Turobin
0%
2 7 200 Tuszyn
0%
3 6 200 Twardogóra
0%
3 2 500 Tychowo
0%
10 122 000 Tychy
0%
4 4 600 Tyczyn
0%
8 1 800 Tykocin
0%
4 2 000 Tyszowce
0%
2 1 700 Ujazd
0%
5 1 800 Ujazd
0%
3 3 600 Ujście
0%
3 1 400 Ulanów
0%
2 3 000 Uniejów
0%
3 1 700 Urzędów
0%
1 14 000 Ustka
0%
2 16 000 Ustroń
0%
1 8 200 Ustrzyki Dolne
0%
1 13 000 Wąbrzeźno
0%
2 2 800 Wąchock
0%
2 17 000 Wadowice
0%
1 25 000 Wągrowiec
0%
1 25 000 Wałcz
0%
2 12 000 Warka
0%
3 3 200 Warta
0%
2 13 000 Wasilków
0%
2 2 600 Wąsosz
0%
6 980 Wąwolnica
0%
5 2 700 Węgliniec
0%
1 10 000 Węgorzewo
0%
3 2 900 Węgorzyno
0%
1 13 000 Węgrów
0%
2 46 000 Wejherowo
0%
2 2 300 Wiązów
0%
2 5 600 Więcbork
0%
2 3 000 Wielbark
0%
3 6 000 Wieleń
0%
3 1 700 Wielichowo
0%
1 20 000 Wieluń
0%
1 8 500 Wieruszów
0%
3 3 200 Wilamowice
0%
3 1 300 Wiskitki
0%
4 11 000 Wisła
0%
5 480 Wiślica
0%
2 7 500 Witkowo
0%
2 6 400 Witnica
0%
2 9 300 Władysławowo
0%
5 1 600 Wleń
0%
3 99 000 Włocławek
0%
7 1 100 Włodowice
0%
1 9 500 Włoszczowa
0%
5 980 Wodzisław
0%
1 45 000 Wodzisław Śląski
0%
2 3 500 Wojcieszów
0%
3 9 400 Wojkowice
0%
3 3 100 Wojnicz
0%
2 2 300 Wolbórz
0%
3 8 000 Wolbrom
0%
2 5 300 Wołczyn
0%
3 4 900 Wolin
0%
3 36 000 Wołomin
0%
2 12 000 Wołów
0%
1 12 000 Wolsztyn
0%
2 4 100 Woźniki
0%
2 11 000 Wronki
0%
1 32 000 Września
0%
1 14 000 Wschowa
0%
2 5 200 Wyrzysk
0%
2 880 Wyśmierzyce
0%
6 2 700 Wysoka
0%
1 8 900 Wysokie Mazowieckie
0%
1 26 000 Wyszków
0%
3 2 600 Wyszogród
0%
2 45 000 Ząbki
0%
1 14 000 Ząbkowice Śląskie
0%
7 2 500 Zabłudów
0%
2 4 100 Żabno
0%
1 26 000 Żagań
0%
2 2 800 Zagórów
0%
2 4 900 Zagórz
0%
7 1 600 Zakliczyn
0%
2 2 800 Zaklików
0%
3 3 200 Zakroczym
0%
4 2 100 Zalewo
0%
1 21 000 Zambrów
0%
2 2 600 Zaniemyśl
0%
2 4 300 Żarki
0%
3 1 100 Żarnów
0%
4 6 500 Żarów
0%
1 36 000 Żary
0%
5 3 600 Zator
0%
2 6 400 Zawadzkie
0%
4 1 800 Zawichost
0%
4 3 800 Zawidów
0%
1 52 000 Zawiercie
0%
3 7 200 Zbąszyń
0%
2 5 000 Zbąszynek
0%
1 41 000 Zduńska Wola
0%
3 4 400 Zduny
0%
2 10 000 Zdzieszowice
0%
4 3 900 Żelechów
0%
2 7 100 Zelów
0%
2 2 100 Żerków
0%
1 54 000 Zgierz
0%
2 8 000 Ziębice
0%
1 139 000 Zielona Góra
0%
5 18 000 Zielonka
0%
1 12 000 Złocieniec
0%
2 3 400 Złoczew
0%
1 17 000 Złotów
0%
4 2 500 Złoty Stok
0%
3 6 200 Żmigród
0%
1 13 000 Żnin
0%
17 62 000 Żory
0%
2 6 700 Żukowo
0%
1 8 500 Żuromin
0%
3 2 800 Zwierzyniec
0%
1 7 900 Zwoleń
0%
2 8 100 Żychlin
0%
1 39 000 Żyrardów
0%
Nie znaleziono quizów pasujących do podanych kryteriów
Rozkład punktacji
Procent ludzi z każdym wynikiem
Percentyl według liczby udzielonych odpowiedzi
Twoja historia wyników
Nie rozwiązałeś tego quizu